Statistics for NBA: Bucks Blocks Leader Every Season

Click here to take the quiz!

General Stats

  • This quiz has been taken 15 times
  • The average score is 19 of 50

Answer Stats

SeasonBPGPositionAnswer% Correct
20171.9FGiannis Antetokounmpo
93%
20221.4FGiannis Antetokounmpo
93%
20232.5CBrook Lopez
86%
20211.5CBrook Lopez
86%
20202.4CBrook Lopez
86%
20192.2CBrook Lopez
86%
19753.3CKareem Abdul-Jabbar
71%
19743.5CKareem Abdul-Jabbar
71%
19982.0CErvin Johnson
43%
19991.1CErvin Johnson
43%
20011.2CErvin Johnson
43%
20001.6CErvin Johnson
43%
19781.3FMarques Johnson
43%
19791.2FMarques Johnson
43%
19931.0CAlan Ogg
36%
20122.0CAndrew Bogut
36%
20112.6CAndrew Bogut
36%
20102.5CAndrew Bogut
36%
20091.0CAndrew Bogut
36%
20081.7CAndrew Bogut
36%
19763.1CElmore Smith
36%
19772.0CElmore Smith
36%
20181.4CJohn Henson
36%
20141.7CJohn Henson
36%
20152.0CJohn Henson
36%
20161.9CJohn Henson
36%
19890.9FTerry Cummings
36%
19971.4FVin Baker
36%
19941.4FVin Baker
36%
19961.1FVin Baker
36%
19951.4FVin Baker
36%
19871.1CJack Sikma
29%
19861.8CAlton Lister
21%
19832.2CAlton Lister
21%
19852.1CAlton Lister
21%
19841.7CAlton Lister
21%
20041.4CDan Gadzuric
21%
20051.3CDan Gadzuric
21%
19812.4FHarvey Catchings
21%
19821.7FHarvey Catchings
21%
19802.3FHarvey Catchings
21%
20061.0CJamaal Magloire
21%
20132.8CLarry Sanders
21%
20031.4CJoel Pryzbilla
14%
20021.7CJoel Pryzbilla
14%
19881.3CRandy Breuer
14%
19901.3FBrad Lohaus
7%
19910.9FBrad Lohaus
7%
19921.0FBrad Lohaus
7%
20071.0FBrian Skinner
7%

Score Distribution

Percentile by Number Answered

Percent of People with Each Score

Your Score History

You have not taken this quiz